000 00874cam a2200253 4500
001 1224513
005 20031009085232.0
008 711124s1965 nyu b 000 0 eng
010 _a 65023044
040 _aDLC
_cDLC
_dDLC
050 0 0 _aRC530
_b.S53 1965
082 0 0 _a616.89075
100 1 _aShapiro, David,
_d1926-
245 1 0 _aNeurotic styles.
_cForeword by Robert P. Knight.
260 _aNew York,
_bBasic Books
_c[1965]
300 _axii, 207 p.
_c22 cm.
440 4 _aThe Austen Riggs Center monograph ;
_vno. 5
504 _aBibliographical footnotes.
650 0 _aNeuroses.
906 _a7
_bcbc
_corignew
_du
_eocip
_f19
_gy-gencatlg
942 _2lcc
_cBK
999 _c36013
_d36013